书目信息 |
| 题名: |
环境毒理学
|
|
| 作者: | 李建政 主编 | |
| 分册: | ||
| 出版信息: | 北京 化学工业出版社 2006 |
|
| 页数: | 274页 | |
| 开本: | 26cm | |
| 丛书名: | ||
| 单 册: | ||
| 中图分类: | R994.6 | |
| 科图分类: | ||
| 主题词: | 环境毒理学--huan jing du li xue--高等学校--教材 | |
| 电子资源: | ||
| ISBN: | 7-5025-7712-2 | |
| 000 | 00899nam0 2200241 450 | |
| 001 | 0100000940 | |
| 005 | 20200514085327.94 | |
| 010 | @a7-5025-7712-2@dCNY29.80 | |
| 100 | @a20070823d2006 em y0chiy0121 ea | |
| 101 | 0 | @achi |
| 102 | @aCN@b110000 | |
| 105 | @aak a 000yy | |
| 200 | 1 | @a环境毒理学@Ahuan jing du li xue@f李建政主编 |
| 210 | @a北京@c化学工业出版社@d2006 | |
| 215 | @a274页@c图@d26cm | |
| 320 | @a有书目 (第274页) | |
| 330 | @a本书在介绍环境毒理学概貌的基础上, 根据学科人才培养目标的需要, 有侧重地介绍了环境毒理学的基本概念、机理, 并重点介绍了土壤环境毒理学、水环境毒理学、大气污染毒理学等环境毒理学的分支学科, 以及毒理学研究常用的一些实验方法。 | |
| 333 | @a高等学校教材 | |
| 606 | 0 | @a环境毒理学@Ahuan jing du li xue@x高等学校@j教材 |
| 690 | @aR994.6@v4 | |
| 701 | 0 | @a李建政@Ali jian zheng@4主编 |
| 801 | 0 | @aCN@c20110617 |
| 905 | @b20661661-63@dR994.6@eL189@fR994.6/L189 | |
| 环境毒理学/李建政主编.-北京:化学工业出版社,2006 |
| 274页:图;26cm |
| 使用对象:高等学校教材 |
| ISBN 7-5025-7712-2:CNY29.80 |
| 本书在介绍环境毒理学概貌的基础上, 根据学科人才培养目标的需要, 有侧重地介绍了环境毒理学的基本概念、机理, 并重点介绍了土壤环境毒理学、水环境毒理学、大气污染毒理学等环境毒理学的分支学科, 以及毒理学研究常用的一些实验方法。 |
| ● |
| 相关链接 |
|
|
|
正题名:环境毒理学
索取号:R994.6/L189
 
预约/预借
| 序号 | 登录号 | 条形码 | 馆藏地/架位号 | 状态 | 备注 |
| 1 | 1282003 | 212820036 | 自科库401/401自科库 23排4列1层/ [索取号:R994.6/L189] | 在馆 | |
| 2 | 1303469 | 213034697 | 自科库401/401自科库 23排4列1层/ [索取号:R994.6/L189] | 在馆 | |
| 3 | 466321 | 204663211 | 自科二线504/504自科库 38排2列6层/ [索取号:R994.6/L189] | 在馆 | |
| 4 | 476326 | 204763265 | 城院文库/ [索取号:R994.6/L189] | 在馆 | |
| 5 | 476349 | 204763498 | 自科库401/401自科库 23排4列1层/ [索取号:R994.6/L189] | 在馆 | |
| 6 | 477388 | 204773888 | 自科二线504/504自科库 38排2列6层/ [索取号:R994.6/L189] | 在馆 | |
| 7 | 477389 | 204773897 | 自科二线504/504自科库 38排2列6层/ [索取号:R994.6/L189] | 在馆 | |
| 8 | 477390 | 204773904 | 自科二线504/504自科库 38排2列6层/ [索取号:R994.6/L189] | 在馆 | |
| 9 | 477391 | 204773913 | 自科二线504/504自科库 38排2列6层/ [索取号:R994.6/L189] | 在馆 | |
| 10 | 493814 | 204938149 | 自科二线504/504自科库 38排2列6层/ [索取号:R994.6/L189] | 在馆 | |
| 11 | 493873 | 204938737 | 自科二线504/504自科库 38排2列6层/ [索取号:R994.6/L189] | 在馆 | |
| 12 | 661661 | 206616615 | 自科库401/401自科库 23排4列1层/ [索取号:R994.6/L189] | 在馆 | |
| 13 | 661662 | 206616624 | 自科二线504/504自科库 38排2列6层/ [索取号:R994.6/L189] | 在馆 | |
| 14 | 661663 | 206616633 | 自科库401/401自科库 23排4列1层/ [索取号:R994.6/L189] | 在馆 |